000 00724cam a2200205 i 4500
005 20251203124813.0
008 250721s2001 le gr 000 0 ara d
082 1 4 _a214.2
_bج ب ا
100 1 _aالجبالي، أبو محمد
_eمؤلف.
245 1 2 _aالشيطان في الكتاب والسنة /
_cتأليف ابو محمد الجبالي.
250 _aالطبعة الاولى.
264 _aبيروت :
_bدار اليوسف،
_c2001.
264 _aالزرقاء :
_bمكتبة الامام علي للنشر،
_c2001.
300 _a200 صفحه.
650 1 7 _aالإسلام.
650 1 7 _aالقرآن الكريم.
650 1 7 _aالشيطان.
942 _2ddc
_cBK
999 _c1353
_d1353